Tools by Picture Quiz - Statistics

General Stats
  • This quiz has been taken 101 times
  • The average score is 13 of 20
Answer Stats
Picture Answer % Correct
Chainsaw
100%
Screwdriver
100%
Hammer
99%
Wrench
99%
Drill
97%
Axe
92%
Sander
80%
Level
79%
Pliers
69%
Nail Gun
65%
Table Saw
63%
Jack Hammer
61%
Hedge Trimmer
59%
Circular Saw
52%
Hacksaw
52%
Pipe Wrench
49%
Grinder
40%
Retractable Knife
33%
Plumb Bob
29%
Crescent Wrench
20%
No matching quizzes found
Score Distribution
Percent of People with Each Score
Percentile by Number Answered
Your Score History
You have not taken this quiz